| 000 | 00457nam a2200181Ia 4500 | ||
|---|---|---|---|
| 005 | 20250415113430.0 | ||
| 008 | 231217s9999 xx 000 0 und d | ||
| 020 | _a9788178817408 | ||
| 082 | _a338.47 MEH;1 R | ||
| 100 | _aMehrotra, Nitin. | ||
| 245 | 0 | _aIndian FMCG industry : a primer | |
| 250 | _a1st ed. | ||
| 260 |
_c2005 _bICFAI Press _aHyderabad |
||
| 300 | _axii, 114 | ||
| 500 | _aContent page available | ||
| 650 | _aICFAI | ||
| 942 | _cAA | ||
| 999 |
_c181604 _d181604 |
||